00337nam a2200121Ia 4500008004100000082001300041100002400054245003500078260002600113365000600139630003500145730003500180100415s9999 xx 000 0 und d b750a574 aBuckland Francis T aCuriocities of Natural History c1888bRICHARD BENTLEY b0 aCuriocities of Natural History aCuriocities of Natural History